00620nam a2200181 a 450000100100000000500170001000800410002704000250006808200140009324500710010726000390017830000270021749000240024483000310026804900090029995201130030899900170042100003175220200930063143.0110701s19uu dr a 000 0 spa d aDO-SdBNPbspacBNPHU axxxbM59300aMétodos abreviados y recursos para ahorrar tiempo en la oficina. a[s.l.] :bPrentice- Hall,c[19-?]. a59 p. :bil. ;c21 cm.1 aMejores secretarias 0aMejores secretarias957990 aBNPD 00107-18PDaPDbPDcOId2011-07-01iLF1l0oxxx M593p31752-10r2020-06-25w2020-06-25yLFPDZNo se presta c31244d31244